000 00969cab a22002055a 4500
001 L138475
008 070612e20070608xxk f 000 0 eng d
035 _a(Sirsi) u138475
041 0 _aeng
100 1 _aKing, Alistair
245 0 0 _aShining examples
260 _c2007
490 0 _aBuilding
_v272(8483) 8 June 2007, 50-51(2)
520 _aAssesses two solar power systems, photovoltaic panels and solar thermal panels. Looks at how each system works; the sort of building they are suitable for; how much power/hot water they produce; installation, maintenance and running costs; their break-even point; their average lifespan; whether planning permission is required; and available incentives or grants.
590 _aKA
651 4 _aUnited Kingdom
_y
690 _aBUILT ENVIRONMENT-BUILDING ELEMENTS-COMPLETE BUILDING SERVICES ELEMENTS-COMPLETE ELECTRIC POWER SYSTEMS
690 _aENVIRONMENTAL AND LAND CONSULTANCY-ENERGY-RENEWABLE ENERGY
942 _n0
999 _c78880
_d78880